000 00320nab a22001097u 4500
008 130520b2003 xxu||||| |||| 00| 0 spa d
041 _aspa
100 1 _aGianotto, Claudio
_957304
245 0 0 _aEl movimiento de Jesús
_cClaudio Gianotto
773 0 _tConcilium
_gnº301,2003,págs. 31-46
_x0210-1041
_wRev134
942 _cAR
999 _c365034
_d365034